Pięć największych miast według państwa - trudna wersja - Statystyki

Ogólne statystyki
  • Ten quiz został rozwiązany 2 793 razy
    2 760 od ostatniego zresetowania
  • Średni wynik to 77 z 222
Statystyki odpowiedzi
Państwo Miasto % Poprawnych
Stany Zjednoczone Nowy Jork
96%
Stany Zjednoczone Los Angeles
88%
Rosja Moskwa
88%
Chiny Pekin
87%
Francja Paryż
86%
Wielka Brytania Londyn
85%
Japonia Tokio
85%
Włochy Rzym
84%
Australia Sydney
84%
Rosja Petersburg
83%
Polska Warszawa
81%
Niemcy Berlin
80%
Turcja Ankara
79%
Hiszpania Madryt
79%
Włochy Mediolan
79%
Meksyk Meksyk
79%
Turcja Stambuł
79%
Grecja Ateny
78%
Hiszpania Barcelona
78%
Polska Kraków
78%
Ukraina Kijów
77%
Austria Wiedeń
77%
Stany Zjednoczone Chicago
76%
Polska Gdańsk
76%
Wielka Brytania Manchester
76%
Francja Marsylia
74%
Brazylia Rio de Janeiro
74%
Włochy Neapol
73%
Korea Południowa Seul
73%
Portugalia Lizbona
72%
Polska Łódź
72%
Szwecja Sztokholm
72%
Belgia Bruksela
71%
Wielka Brytania Liverpool
71%
Francja Lyon
71%
Norwegia Oslo
71%
Bułgaria Sofia
70%
Egipt Kair
69%
Stany Zjednoczone Waszyngton
69%
Chiny Szanghaj
68%
Szwajcaria Berno
66%
Niemcy Hamburg
66%
Kanada Toronto
66%
Włochy Turyn
66%
Brazylia Brasília
65%
Argentyna Buenos Aires
65%
Portugalia Porto
65%
Indie Delhi
62%
Brazylia São Paulo
62%
Wielka Brytania Birmingham
61%
Grecja Saloniki
61%
Republika Południowej Afryki Johannesburg
60%
Australia Melbourne
60%
Iran Teheran
59%
Kolumbia Bogota
58%
Ukraina Charków
57%
Japonia Osaka
57%
Maroko Rabat
57%
Arabia Saudyjska Rijad
57%
Chile Santiago
57%
Szwajcaria Zurych
57%
Republika Południowej Afryki Kapsztad
56%
Hiszpania Sewilla
56%
Nowa Zelandia Wellington
56%
Indonezja Dżakarta
55%
Szwecja Malmö
55%
Filipiny Manila
54%
Wenezuela Valencia
54%
Hiszpania Walencja
54%
Syria Damaszek
53%
Ukraina Donieck
53%
Indie Mumbaj
53%
Australia Perth
53%
Wietnam Hanoi
51%
Tajwan Tajpej
51%
Irak Bagdad
50%
Włochy Florencja
50%
Niemcy Frankfurt
49%
Nigeria Lagos
49%
Ukraina Odessa
49%
Wenezuela Caracas
48%
Kanada Vancouver
47%
Belgia Antwerpia
46%
Maroko Casablanca
46%
Szwajcaria Genewa
46%
Austria Salzburg
46%
Stany Zjednoczone Boston
45%
Egipt Aleksandria
44%
Francja Bordeaux
44%
Nowa Zelandia Auckland
43%
Szwecja Göteborg
43%
Kanada Montréal
43%
Austria Graz
42%
Chiny Kanton
42%
Austria Innsbruck
40%
Francja Lille
39%
Hiszpania Málaga
39%
Demokratyczna Republika Konga Kinszasa
38%
Norwegia Bergen
37%
Wielka Brytania Leeds
36%
Nigeria Abudża
35%
Kolumbia Medellín
35%
Australia Brisbane
34%
Turcja Izmir
34%
Ukraina Dniepr
33%
Austria Linz
32%
Bułgaria Warna
32%
Meksyk Guadalajara
31%
Arabia Saudyjska Mekka
31%
Norwegia Trondheim
31%
Szwajcaria Bazylea
30%
Pakistan Karaczi
30%
Japonia Sapporo
30%
Australia Adelaide
28%
Portugalia Braga
27%
Wietnam Ho Chi Minh
27%
Indie Kolkata
27%
Rosja Nowosybirsk
25%
Arabia Saudyjska Medyna
23%
Korea Południowa Busan
22%
Meksyk Monterrey
22%
Brazylia Belo Horizonte
21%
Kolumbia Cali
21%
Kanada Edmonton
21%
Szwajcaria Lozanna
21%
Syria Aleppo
20%
Kanada Calgary
20%
Rosja Jekaterynburg
20%
Belgia Liège
20%
Rosja Niżny Nowogród
20%
Japonia Nagoja
19%
Bułgaria Burgas
18%
Belgia Gandawa
18%
Bułgaria Płowdiw
18%
Turcja Bursa
17%
Nowa Zelandia Christchurch
17%
Grecja Iraklion | Heraklion
17%
Argentyna Rosario
17%
Republika Południowej Afryki Durban
16%
Szwecja Uppsala
16%
Maroko Fez
15%
Chiny Chengdu
14%
Argentyna Córdoba
14%
Arabia Saudyjska Dżudda
14%
Norwegia Stavanger
14%
Indie Ćennaj | Madras
13%
Nigeria Kano
13%
Brazylia Porto Alegre
13%
Indie Bangalore | Bengaluru
12%
Pakistan Lahaur
12%
Belgia Charleroi
10%
Maroko Agadir
9%
Irak Basra
9%
Japonia Fukuoka
9%
Republika Południowej Afryki Port Elizabeth | Gqeberha
9%
Indonezja Surabaja
9%
Maroko Tanger
9%
Chiny Xiamen
9%
Turcja Adana
8%
Kolumbia Barranquilla
8%
Portugalia Coimbra
8%
Korea Południowa Daegu
8%
Irak Mosul
8%
Egipt Port Said
8%
Meksyk Puebla
8%
Filipiny Cebu
7%
Nigeria Ibadan
7%
Iran Isfahan
7%
Grecja Patras
7%
Egipt Suez
7%
Indonezja Bandung
6%
Filipiny Davao
6%
Portugalia Funchal
6%
Nowa Zelandia Hamilton
6%
Grecja Larisa
6%
Wenezuela Maracaibo
6%
Chile Antofagasta
5%
Wietnam Da Nang
5%
Szwecja Helsingborg
5%
Irak Irbil
5%
Argentyna Mendoza
5%
Iran Tebriz
5%
Norwegia Drammen
4%
Republika Południowej Afryki East London
4%
Korea Południowa Gwangju
4%
Syria Hama
4%
Syria Hims | Homs
4%
Tajwan Kaohsiung
4%
Irak Kirkuk
4%
Indonezja Medan
4%
Iran Meszhed
4%
Nigeria Port Harcourt
4%
Bułgaria Ruse
4%
Iran Sziraz
4%
Chile Valparaíso
4%
Arabia Saudyjska Dammam
3%
Pakistan Fajsalabad
3%
Demokratyczna Republika Konga Kisangani
3%
Syria Latakia
3%
Demokratyczna Republika Konga Lubumbashi
3%
Pakistan Rawalpindi
3%
Tajwan Tainan
3%
Meksyk Toluca
3%
Egipt Al-Mansura
2%
Filipiny Angeles
2%
Wenezuela Barquisimeto
2%
Kolumbia Bucaramanga
2%
Filipiny Cagayan de Oro
2%
Wietnam Cần Thơ
2%
Chile Concepción
2%
Korea Południowa Daejeon
2%
Pakistan Gudźranwala
2%
Wietnam Hajfong
2%
Demokratyczna Republika Konga Kananga
2%
Chile La Serena
2%
Wenezuela Maracay
2%
Demokratyczna Republika Konga Mbuji-Mayi
2%
Argentyna San Miguel de Tucumán
2%
Indonezja Semarang
2%
Tajwan Taizhong
2%
Nowa Zelandia Tauranga
2%
Tajwan Xinzhu
1%
Nie znaleziono quizów pasujących do podanych kryteriów
Rozkład punktacji
Procent ludzi z każdym wynikiem
Percentyl według liczby udzielonych odpowiedzi
Twoja historia wyników
Nie rozwiązałeś tego quizu od ostatniego zresetowania